|
|
|
|
| LEADER |
02173nam a2200553 i 4500 |
| 001 |
nkc20122415356 |
| 003 |
CZ PrNK |
| 005 |
20160608110711.0 |
| 007 |
ta |
| 008 |
121105s2012 xr abche f 000 0dcze |
| 015 |
|
|
|a cnb002415356
|
| 020 |
|
|
|a 978-80-905279-1-1
|q (brožováno)
|
| 040 |
|
|
|a ABA001
|b cze
|e rda
|
| 043 |
|
|
|a e-xr---
|b e-xr-mr
|2 czenas
|
| 045 |
|
|
|a m-m-
|
| 072 |
|
7 |
|a 913(437)
|x Geografie Česka a Slovenska, reálie, cestování
|2 Konspekt
|9 7
|
| 080 |
|
|
|a 94(437.32-191.2)
|2 MRF
|
| 080 |
|
|
|a 908(437.32-191.2)
|2 MRF
|
| 080 |
|
|
|a 902:904
|2 MRF
|
| 080 |
|
|
|a 27-36
|2 MRF
|
| 080 |
|
|
|a 726.82
|2 MRF
|
| 100 |
1 |
|
|a Žižlavský, Bořek,
|d 1962-
|7 ola200205465
|4 aut
|4 pht
|
| 245 |
1 |
0 |
|a Chřiby - hledání hrobu sv. Metoděje /
|c Bořek Žižlavský, Vlastimil Kořínek
|
| 246 |
3 |
0 |
|a Chřiby
|
| 246 |
3 |
0 |
|a Hledání hrobu sv. Metoděje
|
| 250 |
|
|
|a První vydání
|
| 264 |
|
1 |
|a Buchlovice :
|b Veligrad,
|c 2012
|
| 300 |
|
|
|a 159 stran :
|b ilustrace (převážně barevné), mapy, portréty, faksimile ;
|c 21 cm
|
| 336 |
|
|
|a text
|b txt
|2 rdacontent
|
| 337 |
|
|
|a bez média
|b n
|2 rdamedia
|
| 338 |
|
|
|a svazek
|b nc
|2 rdacarrier
|
| 490 |
1 |
|
|a Chřiby záhadné a mytické ;
|v sv. 7
|
| 504 |
|
|
|a Obsahuje bibliografii
|
| 600 |
0 |
7 |
|a Metoděj,
|c svatý,
|d asi 815-885
|7 jn20000728411
|2 czenas
|
| 600 |
0 |
9 |
|a Methodius,
|c Saint, Apostle of the Slavs,
|d ca. 815-885
|2 eczenas
|
| 648 |
|
7 |
|a 9. století
|7 ch460547
|2 czenas
|
| 650 |
0 |
7 |
|a křesťanští světci
|7 ph115082
|y 9. století
|2 czenas
|
| 650 |
0 |
7 |
|a hroby
|7 ph136983
|z Česko
|y 9. století
|2 czenas
|
| 651 |
|
7 |
|a Chřiby (Česko : pohoří)
|7 ge128962
|x dějiny
|2 czenas
|
| 651 |
|
7 |
|a Chřiby (Česko : pohoří)
|7 ge128962
|x vlastivěda
|2 czenas
|
| 651 |
|
9 |
|a Chřiby Mountains (Czechia)
|x history and geography
|2 eczenas
|
| 655 |
|
7 |
|a populárně-naučné publikace
|7 fd131864
|2 czenas
|
| 655 |
|
9 |
|a popular works
|2 eczenas
|
| 700 |
1 |
|
|a Kořínek, Vlastimil,
|d 1962-
|7 mzk2005286761
|4 aut
|
| 830 |
|
0 |
|a Chřiby záhadné a mytické
|0 s
|
| 910 |
2 |
|
|a BOA001
|b 2-1370.196
|
| 990 |
|
|
|a BK
|
| 995 |
|
|
|a 01
|
| 996 |
6 |
|
|b 2610534800
|c 2-1370.196
|l MZK
|r Sklad / do 1 hodiny
|n 1
|p p.v.
|w 001565397
|u 000010
|a 1
|e BOA001
|j MZK50
|s P
|